| 000 | 01120nam a22002537a 4500 | ||
|---|---|---|---|
| 001 | 8805 | ||
| 003 | FISKH | ||
| 005 | 20251021142535.0 | ||
| 008 | 251021b cb ||||| |||| 00| 0 eng d | ||
| 020 | _a9780307479501 | ||
| 040 |
_aFISKH _beng _cFISKH _dFISKH |
||
| 082 | _a513.5 | ||
| 100 | _aKraft, Amy | ||
| 245 | _a2nd grade fun with numbers / | ||
| 260 |
_aNew York : _bRandom House, _c2012. |
||
| 300 |
_a28 pages : _bcolor illustrations ; _c 23 cm |
||
| 490 | _aFun on the run | ||
| 505 | _aK | ||
| 520 | _aHave fun building math skills with Sylvan's proven techniques for success! Second Grade Fun with Numbers helps children improve their math skills through engaging games and activities. Students can learn and practice basic math skills while they: · Navigate a maze by skip-counting numbers to follow the path · Reach the bottom of the crisscrossing paths by adding and subtracting numbers · Write a letter that matches the time on the clocks to solve a riddle · And much more!K | ||
| 521 | 8 |
_a510
_bLexile estimate |
|
| 521 | 8 |
_aK
_bRaz-Plus |
|
| 942 |
_2ddc _cBK _n0 |
||
| 999 |
_c8805 _d8805 |
||